000 00319nam a22001337a 4500
008 181017b xxu||||| |||| 00| 0 eng d
020 _a9780781791564
041 _aeng
080 _22nd
_a617
100 _a6
101 _aONK
245 _aHematology and Oncology Subspecialty Consult
_cCashen,A.F
942 _2udc
_cBK
999 _c49986
_d49986